Cargando…

Is There Theology in the Hebrew Bible? /

Detalles Bibliográficos
Autor principal: Schmid, Konrad (1965-....) (Autor)
Otros Autores: Altmann, Peter (1974-...) (Traductor)
Formato: Electrónico eBook
Idioma:Inglés
Alemán
Publicado: Winona Lake (Ind.) : Eisenbrauns, 2015.
Colección:Book collections on Project MUSE.
Temas:
Acceso en línea:Texto completo

MARC

LEADER 00000cam a22000004a 4500
001 musev2_79455
003 MdBmJHUP
005 20230905052202.0
006 m o d
007 cr||||||||nn|n
008 150416t20152015xxu o 00 0 eng d
020 |a 9781575067216 
035 |a (OCoLC)903966961 
040 |a MdBmJHUP  |c MdBmJHUP 
041 1 |a eng  |h ger 
100 1 |a Schmid, Konrad  |d (1965-....).  |4 aut 
245 1 0 |a Is There Theology in the Hebrew Bible? /   |c Konrad Schmid ; translated by Peter Altmann. 
264 1 |a Winona Lake (Ind.) :  |b Eisenbrauns,  |c 2015. 
264 3 |a Baltimore, Md. :  |b Project MUSE,   |c 2021 
264 4 |c ©2015. 
300 |a 1 online resource (168 pages). 
336 |a text  |b txt  |2 rdacontent 
337 |a computer  |b c  |2 rdamedia 
338 |a online resource  |b cr  |2 rdacarrier 
490 0 |a Critical studies in the Hebrew Bible ;  |v 4 
500 |a Trad. de : "Gibt es Theologie im Alten Testament ?" 
588 |a Description based on print version record. 
630 0 7 |a Bible.  |p Old Testament.  |2 fast  |0 (OCoLC)fst01808092 
630 0 7 |a Bible  |p A.T.  |x Critique et exegese.  |2 ram 
630 0 0 |a Bible.  |p Old Testament  |x Criticism, interpretation, etc.  |x History. 
630 0 0 |a Bible.  |p Old Testament  |x Criticism, interpretation, etc., Jewish  |x History. 
650 7 |a Judaism  |x Doctrines.  |2 fast  |0 (OCoLC)fst00984302 
650 0 |a Judaism  |x Doctrines. 
655 7 |a History.  |2 fast  |0 (OCoLC)fst01411628 
655 7 |a Criticism, interpretation, etc.  |2 fast  |0 (OCoLC)fst01411635 
655 7 |a Electronic books.   |2 local 
700 1 |a Altmann, Peter  |d (1974-...).  |4 trl 
710 2 |a Project Muse.  |e distributor 
830 0 |a Book collections on Project MUSE. 
856 4 0 |z Texto completo  |u https://projectmuse.uam.elogim.com/book/79455/ 
945 |a Project MUSE - Custom Collection